zpět

Detail výsledku týmu

Bar Chaloupka, Plzeň

Datum a čas kvízu

28 Celkem bodů Celkový počet nahraných bodů na tomto kvízu bez doplňovacích otázek.
7. Pořadí na kvízu Konečné umístění týmu na tomto kvízu.

Zaznamenané odpovědi

# Otázka Odpověď Body Výsledky
1. Minulý týden policie informova... škvor 1
2. Minulý týden se v českých médi... A 1
3. Minulý týden jsme se dozvěděli... Francie 0
4. Který ostrovní stát zavedl jak... Island 0
5. V průběhu prosince probíhalo m... Luke Littler 1
6. Mezi nejúspěšnější sourozence... 2008; 2012 0.5
7. Pouhých 65 setin sekundy od me... Petr; Martin 0.5
8. Opomenout v tomto tématu nesmí... 7,5 km; 6 km 0.5
9. Nyní bude vaším úkolem napsat,... v akrobatickém lyžování (jízda v boulích) 0
10. Na závěr se podíváme na krasob... B 1